[Event "Schaffhausen op"]
[Site "Schaffhausen"]
[Date "2023.03.11"]
[Round "2"]
[White "Ismaili, Ridvan"]
[Black "Aeschbacher, Gregoire"]
[Result "1-0"]
[WhiteElo "1606"]
[BlackElo "1261"]
[PlyCount "53"]
[EventDate "2023.03.10"]
[EventType "swiss"]
[EventRounds "5"]
[EventCountry "SUI"]
[SourceTitle "EXT 2024"]
[Source "ChessBase"]
[SourceDate "2023.10.10"]
[SourceVersion "1"]
[SourceVersionDate "2023.10.10"]
[SourceQuality "1"]

1. e4 e5 2. Nf3 Nc6 3. Bc4 Bc5 4. c3 Bb6 5. d4 exd4 6. cxd4 d6 7. h3 Qf6 8. Be3 Qg6 9. Nc3 Ba5 10. d5 Ne5 11. Nxe5 dxe5 12. Qa4+ Bd7 13. Qxa5 Qxg2 14. 0-0-0 b6 15. Qa6 Bc8 16. Qa4+ Bd7 17. Bb5 Nf6 18. Rhg1 Qxh3 19. d6 cxd6 20. Rxd6 Ke7 21. Rgd1 Rhd8 22. Bg5 Bxb5 23. Bxf6+ gxf6 24. Qb4 Rxd6 25. Qxd6+ Ke8 26. Nxb5 Qc8+ 27. Nc7+ 1-0